Datum a čas kvízu

25 Celkem bodů Celkový počet nahraných bodů na tomto kvízu bez doplňovacích otázek.
2. Pořadí na kvízu Konečné umístění týmu na tomto kvízu.

Zaznamenané odpovědi

# Otázka Odpověď Body Výsledky
1. Pokud by mělo platit staré ant... Zlý 0
2. Na švýcarských mincích se popr... Roger Federer 1
3. Pořadatelé multikulturního fes... Twenty One Pilots 1
4. V pondělí začala v jedné evrop... Madrid 1
5. Zlatý míč pro nejlepšího fotba... šest 1
6. Toto téma zvítězilo minulý týd... vakovlk 1
7. Jakým způsobem souvisí s naším... Na tomto fiktivním ostrově se odehrával děj filmu Jurský park. 1
8. Latimérie, okapi, loděnka, lis... živoucí fosílie 0
9. Mnohým z vás jistě při přečten... Mauricius 0
10. Na obrázku vidíme grafické vyj... vyhynulý ve volné přírodě, žije pouze v zajetí 0